Statistics for The Last Time- taylor swift lyrics

Click here to take the quiz!

General Stats

  • This quiz has been taken 690 times
  • The average score is 256 of 281

Answer Stats

Answer% Correct
I
100%
is
100%
the
100%
this
100%
This
100%
time
100%
you
100%
You
100%
last
99%
my
99%
an
98%
at
98%
I'm
98%
your
98%
to
97%
as
96%
asking
96%
eye
96%
In
96%
in
96%
of
96%
All
95%
all
95%
door
95%
me
95%
name
94%
top
94%
And
93%
and
93%
before
93%
break
93%
heart
93%
Just
93%
list
93%
blink
92%
like
92%
Put
92%
times
92%
why
91%
those
90%
go
89%
eyes
88%
No
88%
no
88%
myself
87%
right
87%
find
86%
Find
86%
got
85%
there
84%
let
83%
wear
83%
apology
82%
best
82%
better
82%
everything
81%
Everything
81%
for
81%
was
81%
leave
80%
again
79%
But
79%
here
79%
watch
79%
yourself
77%
alone
76%
how
76%
it
76%
not
76%
breaking
75%
lead
74%
sure
74%
reasons
73%
roads
73%
room
73%
they
72%
mine
71%
tell
71%
feels
70%
home
70%
Oh
70%
open
70%
into
69%
wrong
69%
imagine
68%
back
67%
I've
67%
when
67%
are
66%
it's
66%
say
66%
been
65%
come
65%
along
63%
Disappear
63%
anymore
62%
won't
62%
hurt
61%
past
57%
hide
49%
nowhere
46%
aching
42%
Run
29%
fast
27%

Score Distribution

Percentile by Number Answered

Percent of People with Each Score

Your Score History

You have not taken this quiz